Turbines compressors / (Record no. 11980)

000 -LEADER
fixed length control field 00356nam a2200133 4500
008 - FIXED-LENGTH DATA ELEMENTS--GENERAL INFORMATION
fixed length control field 210115b ||||| |||| 00| 0 eng d
082 00 - DEWEY DECIMAL CLASSIFICATION NUMBER
Classification number 621.406
Item number Y13
100 ## - MAIN ENTRY--PERSONAL NAME
9 (RLIN) 2383
Personal name Yahya, S.M.
245 10 - TITLE STATEMENT
Title Turbines compressors /
260 ## - PUBLICATION, DISTRIBUTION, ETC. (IMPRINT)
Place of publication, distribution, etc New Delhi:
Name of publisher, distributor, etc Tata McGrawHill,
Date of publication, distribution, etc 1994.
300 ## - PHYSICAL DESCRIPTION
Extent vi, 678 p.
650 #0 - SUBJECT ADDED ENTRY--TOPICAL TERM
Topical term or geographic name as entry element Turbines
942 ## - ADDED ENTRY ELEMENTS (KOHA)
Source of classification or shelving scheme
Item type Books
Holdings
Withdrawn status Lost status Source of classification or shelving scheme Damaged status Not for loan Permanent location Current location Date acquired Full call number Barcode Date last seen Koha item type
          IMU Kolkata IMU Kolkata 2021-01-15 621.406 Y13 08490 2021-01-15 Books
Designed and Maintained by IMU-KC Library, Kolkata Campus © Copyright All Rights Reserved

webs counters

Powered by Koha